000 00316nam a22001217a 4500
008 180522b xxu||||| |||| 00| 0 eng d
041 _aeng
080 _a043.3
100 _a0
101 _aSHKI-BA
245 _a(TCP-ja, Kontrolli i Mbingarkeses per Internet dhe Qendren e te Dhenave
_cIsmajli, V
942 _2udc
_cBK
999 _c46191
_d46191